000 00292nam a22001337a 4500
008 181031b xxu||||| |||| 00| 0 eng d
020 _a9780812098198
041 _aeng
080 _a510
100 _a38
101 _aMAT
245 _aMathematics Calculus
_cGootman.E.C
942 _2udc
_cBK
999 _c51346
_d51346